<?xml version="1.0" encoding="UTF-8"?><?xml-stylesheet type="text/xsl" href="static/style.xsl"?><OAI-PMH xmlns="http://www.openarchives.org/OAI/2.0/" xmlns:xsi="http://www.w3.org/2001/XMLSchema-instance" xsi:schemaLocation="http://www.openarchives.org/OAI/2.0/ http://www.openarchives.org/OAI/2.0/OAI-PMH.xsd"><responseDate>2026-04-18T05:20:13Z</responseDate><request verb="GetRecord" identifier="oai:www.recercat.cat:20.500.12694/7060" metadataPrefix="marc">https://recercat.cat/oai/request</request><GetRecord><record><header><identifier>oai:recercat.cat:20.500.12694/7060</identifier><datestamp>2025-12-18T12:09:12Z</datestamp><setSpec>com_2072_179042</setSpec><setSpec>col_2072_484474</setSpec></header><metadata><record xmlns="http://www.loc.gov/MARC21/slim" xmlns:dcterms="http://purl.org/dc/terms/" xmlns:xsi="http://www.w3.org/2001/XMLSchema-instance" xmlns:doc="http://www.lyncode.com/xoai" xsi:schemaLocation="http://www.loc.gov/MARC21/slim http://www.loc.gov/standards/marcxml/schema/MARC21slim.xsd">
   <leader>00925njm 22002777a 4500</leader>
   <datafield ind2=" " ind1=" " tag="042">
      <subfield code="a">dc</subfield>
   </datafield>
   <datafield ind2=" " ind1=" " tag="720">
      <subfield code="a">Casanovas Marcet, Marc</subfield>
      <subfield code="e">author</subfield>
   </datafield>
   <datafield ind2=" " ind1=" " tag="260">
      <subfield code="c">2016-06</subfield>
   </datafield>
   <datafield ind2=" " ind1=" " tag="520">
      <subfield code="a">Aquest treball pretén ser una ajuda per a les persones que volen millorar la seva excel·lència en l’estudi de l’instrument d’una manera científica, entenent l’aprenentatge com a desestabilitzador del sistema, per tal que aquest trobi la manera més eficient d’obtenir millors resultats. També fa un seguit de reflexions que són de gran utilitat a l’hora de la posada en escena i de controlar el present.</subfield>
   </datafield>
   <datafield ind2=" " ind1=" " tag="520">
      <subfield code="a">Este trabajo pretende ser una ayuda para las personas que quieren mejorar su excelencia en el estudio del instrumento, de manera científica, entendiendo el aprendizaje como desestabilizador del sistema, para que éste encuentre la manera más eficiente de obtener mejores resultados.&#xd;
También hace una serie de reflexiones que son de gran utilidad a la hora de la puesta en escena y de controlar el presente.</subfield>
   </datafield>
   <datafield ind2=" " ind1=" " tag="520">
      <subfield code="a">This work aims to serve as a guide for those who want to improve their performance in the study of the instrument, in a scientifically grounded way, through an understanding of learning as a destabilization of the system, allowing it to find the most efficient way to achieve better results.&#xd;
A series of reflections are also presented, which are very useful when performing and monitoring the present.</subfield>
   </datafield>
   <datafield ind1="8" ind2=" " tag="024">
      <subfield code="a">http://hdl.handle.net/20.500.12694/7060</subfield>
   </datafield>
   <datafield tag="653" ind2=" " ind1=" ">
      <subfield code="a">TFG Música clàssica i contemporània</subfield>
   </datafield>
   <datafield tag="653" ind2=" " ind1=" ">
      <subfield code="a">Música--Ensenyament</subfield>
   </datafield>
   <datafield tag="653" ind2=" " ind1=" ">
      <subfield code="a">Instrumentació i orquestració</subfield>
   </datafield>
   <datafield ind2="0" ind1="0" tag="245">
      <subfield code="a">Optimització del temps en l'estudi de l'instrument</subfield>
   </datafield>
</record></metadata></record></GetRecord></OAI-PMH>